Alle 23 Städte Deutschlands mit C - Statistiken

Allgemein
  • Dieses Quiz wurde 156 mal gespielt
  • Das Durchschnittsergebnis liegt bei 10 aus 23
Antwortstatistiken
Landkreis Stadt % Korrekt
C*l*e Celle
91%
\ (kreisfrei) Chemnitz
88%
C**p***b**g Cloppenburg
84%
C**h*v*n Cuxhaven
83%
\ (kreisfrei) Cottbus
77%
C**w Calw
73%
C*c**m-Zell Cochem
70%
C**sf**d Coesfeld
67%
\ (kreisfrei) Coburg
65%
C**m Cham
59%
Recklinghausen Castrop-Rauxel
47%
Schwäbisch Hall Crailsheim
45%
Goslar Clausthal-Zellerfeld
38%
Meißen Coswig
27%
Wittenberg Coswig (Anhalt)
27%
Zwickau Crimmitschau
25%
Oberspreewald-Lausitz Calau
16%
Salzlandkreis Calbe (Saale)
16%
Main-Tauber-Kreis Creglingen
12%
Ludwigslust-Parchim Crivitz
11%
Leipzig Colditz
10%
Bayreuth Creußen
9%
Kyffhäuserkreis Clingen
6%
Keine übereinstimmenden Quizze gefunden
Verteilung der Resultate
Anzahl Personen mit jedem Resultat
Perzentil nach korrekt beantworteten Fragen
Ihre Resultats-Entwicklung
Sie haben dieses Quiz noch nicht gespielt